Common Knowledge #6 - Statistics

General Stats
  • This quiz has been taken 2,870 times
    2,865 since last reset
  • The average score is 16 of 19
Answer Stats
Hint Answer % Correct
What color cat is considered bad luck? Black
98%
What is the most common eye color in humans? Brown
98%
What fruit do raisins come from? Grape
93%
Who wrote a famous diary while hiding from Nazis in Amsterdam? Anne Frank
92%
Who was the first president of the United States? George Washington
92%
In Finding Nemo, what species of fish is Nemo? Clownfish
91%
After how many personal fouls is a player ejected from an NBA game? 6
90%
Botany is the scientific study of what? Plants
90%
Where were the Olympics invented? Greece
89%
What are the names of the four Hogwarts houses? Slytherin
88%
What are the names of the four Hogwarts houses? Gryffindor
86%
What are the names of the four Hogwarts houses? Hufflepuff
85%
What is the most abundant element in the universe? Hydrogen
81%
What side was the U.S. on during World War II? Allies
80%
What are the names of the four Hogwarts houses? Ravenclaw
78%
Thor was the son of which God? Odin
77%
What tree do acorns come from? Oak
76%
What are one of the three types of rock? Igneous | Sedimentary | Metamorphic
65%
What system of measurement in used in the U.S.? Imperial
58%
No matching quizzes found
Score Distribution
Percent of People with Each Score
Percentile by Number Answered
Your Score History
You have not taken this quiz since the last reset